000 00204 a2200097 4500
001 45522
100 _aAusten, J
245 _aPride and prejudice
260 _aLondon
_bCollins
_c
090 _c28684
_d28684
942 _aNUST-CAE
_cM
_c20762
999 _c280595
_d280595